Señorita - Abraham Mateo - Estadísticas

Estadísticas generales
  • Esta prueba ha sido intentada 67 veces
  • La puntuación promedio es 274 de 453
Estadísticas de respuestas
Letra % Correcto
98%
señorita
98%
a
94%
la
94%
92%
mi
92%
Sexy
90%
y
88%
play
85%
que
85%
yo
83%
en
81%
noche
81%
tu
77%
77%
You
77%
you
77%
Ella
75%
está
75%
Hasta
75%
I
75%
cabeza
73%
caiga
71%
come
71%
Come
71%
come?
71%
enloquecer
71%
oh?
71%
oh
71%
on
71%
rumba
71%
Voy
71%
Cenicienta
69%
nos
69%
acaba
67%
fiesta
65%
Pronto
65%
tumba
62%
wanna
62%
are
60%
bonita
60%
dancing
60%
my
60%
My
60%
only
60%
playing
60%
Dame
58%
dame
58%
niña
58%
Midnight
56%
Ven
56%
ven
56%
beso
54%
risa
54%
We
54%
Dance
52%
mamacita
50%
want
50%
bailar
48%
keep
48%
conmigo
46%
know
46%
what
46%
girl
44%
Girl
44%
hacia
44%
jugar
44%
me
42%
pa
42%
ah
40%
won't
40%
Won't
40%
chiquitita
38%
cuerpo
38%
go
38%
kitty
38%
por
38%
Sámbame
38%
to
38%
pon
37%
ya
35%
big
33%
Here
33%
here
33%
Give
31%
ti
31%
una
31%
Baby
29%
baby
29%
Need
29%
need
29%
deprisa
27%
lado
27%
otro
27%
let's
25%
miras
25%
muy
25%
not
25%
sigo
23%
ten
23%
points
21%
Uoh
21%
off
19%
see
19%
working
19%
try
17%
but
15%
Eres
15%
cut
13%
uh
13%
caigaq
0%
No se encontraron pruebas coincidentes
Distribución de puntuación
Porcentaje de gente con cada puntuación
Porcentaje por número respondido
Historial de tus puntuaciones
No has intentado esta prueba.